[Event "Kastoria op 1st"]
[Site "Kastoria"]
[Date "1996.07.24"]
[Round "8.19"]
[White "Nikitidis, Ioannis"]
[Black "Kontopoulos, Georgios"]
[Result "0-1"]
[WhiteElo "1450"]
[BlackElo "1310"]
[PlyCount "86"]
[EventDate "1996.07.17"]
[EventType "swiss"]
[EventRounds "9"]
[EventCountry "GRE"]
[SourceTitle "EXT 2024"]
[Source "ChessBase"]
[SourceDate "2023.10.10"]
[SourceVersion "1"]
[SourceVersionDate "2023.10.10"]
[SourceQuality "1"]

1. e4 e5 2. Bc4 Nf6 3. d3 h6 4. Nc3 Nc6 5. a3 d6 6. h3 a6 7. f4 exf4 8. Bxf4 Be6 9. Ba2 Bxa2 10. Rxa2 Nd4 11. Be3 Ne6 12. Qf3 c6 13. Nge2 Nd7 14. 0-0 f6 15. Ng3 g6 16. d4 Qe7 17. d5 Ng5 18. Qf2 Bg7 19. h4 Nf7 20. Nge2 c5 21. Nf4 Nfe5 22. Ne6 Kf7 23. Bf4 Nf8 24. Nxg7 Kxg7 25. Bxe5 fxe5 26. Qg3 Nd7 27. h5 Qg5 28. Qf2 Rhf8 29. Qe2 Rxf1+ 30. Kxf1 Rf8+ 31. Kg1 Qc1+ 32. Kh2 Qf4+ 33. Kg1 gxh5 34. Qxh5 Nf6 35. Qf3 Qc1+ 36. Qd1 Qxd1+ 37. Nxd1 Nxe4 38. Ra1 Nf6 39. c4 Ng4 40. Nc3 Rf2 41. Rb1 Rc2 42. Ne4 Rxc4 43. Rd1 Rxe4 0-1

[Event "Kastoria op 1st"]
[Site "Kastoria"]
[Date "1996.07.23"]
[Round "7.18"]
[White "Kokkonis, Dimitrios"]
[Black "Kontopoulos, Georgios"]
[Result "1-0"]
[WhiteElo "1545"]
[BlackElo "1310"]
[PlyCount "30"]
[EventDate "1996.07.17"]
[EventType "swiss"]
[EventRounds "9"]
[EventCountry "GRE"]
[SourceTitle "EXT 2024"]
[Source "ChessBase"]
[SourceDate "2023.10.10"]
[SourceVersion "1"]
[SourceVersionDate "2023.10.10"]
[SourceQuality "1"]

1. e4 e5 2. g3 Nf6 3. Bg2 g6 4. d3 Bg7 5. Ne2 0-0 6. 0-0 c6 7. h3 Qe7 8. Nbc3 b6 9. Be3 Bb7 10. Qd2 d6 11. f4 d5 12. fxe5 Qxe5 13. Bd4 Qd6 14. e5 Qb4 15. exf6 c5 1-0

[Event "Kastoria op 1st"]
[Site "Kastoria"]
[Date "1996.07.22"]
[Round "6.20"]
[White "Kontopoulos, Georgios"]
[Black "Gkosdas, Ioannis"]
[Result "1-0"]
[WhiteElo "1310"]
[BlackElo "1000"]
[PlyCount "83"]
[EventDate "1996.07.17"]
[EventType "swiss"]
[EventRounds "9"]
[EventCountry "GRE"]
[SourceTitle "EXT 2024"]
[Source "ChessBase"]
[SourceDate "2023.10.10"]
[SourceVersion "1"]
[SourceVersionDate "2023.10.10"]
[SourceQuality "1"]

1. d4 d6 2. e4 Nf6 3. Bd3 Nc6 4. Nf3 Bg4 5. Be3 Bxf3 6. Qxf3 a6 7. a3 h6 8. 0-0 e6 9. Nd2 Be7 10. b4 0-0 11. Rfd1 Qd7 12. c4 e5 13. Nb3 Rfd8 14. Qe2 b6 15. Bc2 Qe8 16. dxe5 dxe5 17. f4 Bd6 18. c5 bxc5 19. bxc5 Bf8 20. fxe5 Qxe5 21. Bf4 Qe7 22. Rxd8 Qxd8 23. e5 Ne8 24. Rd1 Qc8 25. Be4 Qe6 26. Na5 Bxc5+ 27. Kf1 Nd4 28. Qe3 Rd8 29. Nb7 Nb3 30. Nxd8 Bxe3 31. Nxe6 Nd2+ 32. Rxd2 Bxd2 33. Bxd2 fxe6 34. Bd3 c6 35. Bxa6 Kf7 36. Kf2 Ke7 37. Bc4 Kd7 38. a4 Nc7 39. a5 Nb5 40. Ke3 g5 41. g4 Na7 42. Kd4 1-0